000 00631nam a2200205Ia 4500
005 20250507130231.0
008 008 250505s9999 xx 000 0 eng d
037 _aSeries Article
040 _aEASL
_beng
_cEASL
041 _aeng
_2eng
084 _qEASL
100 _aJunya Ma
_9668988
245 0 _aIndustrialisation and handicraft cloth;the jiangsu peasant economy in the late ninetheenthand early twentieth centuries
260 _aUK
_bCambridge Cambridge University Press UK
_c2010
300 _a1337-1372
650 _aEconomics
700 _aWright Tim
942 _cSRA
999 _c1318472
_d1318472